000 00337nam a22001337a 4500
008 170714b xxu||||| |||| 00| 0 eng d
020 _a0918477212
041 _aeng
080 _a101
100 _a23
101 _aFRIL
245 _aTHE ART PRAYING THE PRINCIPLES AND METHODS OF CRSTIAN PRAYER
_cGUARDINI.R
942 _2udc
_cBK
999 _c20685
_d20685